LIBRARY & INFORMATION CENTRE, KCAET, TAVANUR

ONLINE PUBLIC ACCESS CATALOGUE (OPAC)

Irrigation engineering: canals and barrages, Vol.1 / (Record no. 2466)

MARC details
000 -LEADER
fixed length control field 00421cam a2200157ua 4500
003 - CONTROL NUMBER IDENTIFIER
control field OSt
008 - FIXED-LENGTH DATA ELEMENTS--GENERAL INFORMATION
fixed length control field 250812b |||||||| |||| 00| 0 eng d
041 ## - LANGUAGE CODE
Language code of text/sound track or separate title eng
082 ## - DEWEY DECIMAL CLASSIFICATION NUMBER
Classification number 627.13
Item number LEL/IR
100 ## - MAIN ENTRY--AUTHOR NAME
Personal name Leliavsky, Serge .
245 ## - TITLE STATEMENT
Title Irrigation engineering: canals and barrages, Vol.1 /
250 ## - EDITION STATEMENT
Edition statement 1 /
260 ## - PUBLICATION, DISTRIBUTION, ETC. (IMPRINT)
Place of publication New Delhi :
Name of publisher Oxford & IBH Publishing company ,
Year of publication 1983.
300 ## - PHYSICAL DESCRIPTION
Number of Pages 297 ; .
942 ## - ADDED ENTRY ELEMENTS (KOHA)
Koha item type Books
Holdings
Withdrawn status Lost status Damaged status Home library Current library Date acquired Full call number Accession Number Koha item type
      KAUAET KAUAET 01/09/1986 627.13 LEL/IR 15563 Books
Withdrawn     KAUAET KAUAET 07/04/2012 627.13 LEL/IR 14706 Books
      KAUAET KAUAET 07/04/2012 627.13 LEL/IR 16989 Books
free website counter